000 00541cas a22001694i 4500
999 _c50596
_d50596
001 768714001
003 CO-MdFUSB
005 20180310083350.0
008 180310s1998 cr ||||| |||| 00| 0 spa d
040 _aCO-MdFUSB
_bspa
_cCO-MdFUSB
_dCO-MdFUSB
041 _aspa
100 1 _aSimpson, Charles
_eautor
245 1 0 _aGratuita... pero no barata
300 _aVolumen 4. Número 12 (1998), páginas 178-180
_c: 28 cm
773 0 _tConquista Cristiana
_049446
_960291
_gVolumen 4. Número 12, (1998), páginas 178-180
_qpágina 178
942 _cANA